| 000 | 01456nam0a22002891 4500 | ||
|---|---|---|---|
| 001 | RU\NLR\INFOCOMM_195\5000070717 | ||
| 005 | 20260406110617.0 | ||
| 035 | _a(NLR Aleph) 009373974 | ||
| 090 |
_a7939975 _c7939975 |
||
| 100 | _a20101222d1988 |||y0rusy50 ca | ||
| 101 | 0 | _ager | |
| 102 | _aRU | ||
| 105 | _ay ||||000|y | ||
| 200 | 1 |
_aDurch Demokratisierung - zum neuen Antlitz des Sozialismus _eTreffen im Zentralkom. der KPdSU mit den Leitern der Massenmedien, der ideologischen Einrichtungen u. der Berufsverbände der Kulturschaffenden, 7. Mai 1988 _fMichail Gorbatschow |
|
| 210 |
_aM. _cAPN-Verl. _d1988 |
||
| 215 |
_a47 с. _d20 см |
||
| 300 | _aВ вып. дан.: Через демократизацию - к новому облику социализма: Встреча в ЦК КПСС с руководителями средств массовой информ., идеологических учреждений и творческих союзов, 7 мая 1988 / Михаил Сергеевич Горбачев | ||
| 686 |
_aФ61(2)273-45, 011.1 _2rubbk |
||
| 686 |
_aФ61(2)273-5, 011.1 _2rubbk |
||
| 686 |
_aТ3(2)73-3 _2rubbk |
||
| 700 | 1 |
_4070 _8rus _7ba _aGorbačev _bM. S. _cгос. деятель _f1931-2022 _gMichail Sergeevič _3RU\NLR\AUTH\77110387 _993312 |
|
| 790 | 1 |
_9z01700 _aGorbatschow _bM. _gMichail _4070 |
|
| 801 | 1 |
_aRU _bNLR _c20101222 |
|
| 801 | 0 |
_aRU _bNLR _gPSBO |
|
| 852 |
_aNLR _jИр51 Д-4/727 |
||
| 942 | _cBOOK | ||
| 980 | _aNB | ||